000 00419nam a2200181Ia 4500
008 090123s9999 xx 000 0 und d
082 _b3720
100 _aत्रिवेणी
245 _aअपजय
250 _a4
260 _c1974
300 _a225
600 _aत्रिवेणी
630 _aअपजय
700 _aत्रिवेणी
730 _aअपजय
942 _cBOOK
999 _c41799
_d41799